| 000 | 01393nam a22003617a 4500 | ||
|---|---|---|---|
| 003 | CHAP | ||
| 005 | 20220329134725.0 | ||
| 008 | 971013s1976 r 00010 d | ||
| 010 | _a24841 | ||
| 011 | _a25813 | ||
| 035 | _a29913 | ||
| 040 | _cCHAP | ||
| 082 |
_a631.0913 _bI55 |
||
| 110 |
_aInstituto de Investigaciones Fundamentales en Agricultura Tropical Alejandro de Humboldt. La Habana, Cuba _959147 |
||
| 245 | _aDiez años de colaboración científica Cuba-RDA | ||
| 260 |
_a(La Habana) : _bInstituto de Investigaciones Fundamentales en Agricultura Tropical Alejandro de Humboldt, _c(1976) |
||
| 300 |
_a100 p. _b: ilus. ; gráfs |
||
| 590 |
_aBATCH-UPD _b10 _c20130110 _lUCH01 _h0205 |
||
| 590 |
_aBATCH-UPD _b10 _c20130110 _lUCH01 _h1035 |
||
| 590 |
_aBATCH-UPD _b10 _c20130409 _lUCH01 _h2216 |
||
| 590 |
_aBATCH-UPD _b10 _c20130410 _lUCH01 _h1335 |
||
| 590 |
_aBATCH-UPD _b10 _c20130913 _lUCH01 _h2049 |
||
| 590 |
_aBATCH-UPD _b10 _c20140805 _lUCH01 _h1144 |
||
| 590 |
_aCONVERSION _b10 _c20130109 _lUCH01 _h1314 |
||
| 650 | 1 | 4 |
_aAgricultura _xCuba. _91390 |
| 650 | 1 | 4 |
_aAgricultura _xInvestigación. _91577 |
| 650 | 1 | 4 |
_aAgricultura _xTrópicos. _91888 |
| 650 | 1 | 4 |
_aTrópicos _xAgricultura. _9115279 |
| 901 | _aBK | ||
| 942 | _cLIBRO | ||
| 949 |
_a631.0913 I55 _bBC _cESP _d-69029 _eESP _h52314 _i29913 _mD _si |
||
| 949 |
_a631.0913 I55 _bBC _cLIBRO _d33724000679411 _eLIBRO _fc.2 _h59272 _i29913 _mD _si |
||
| 999 |
_c24841 _d24841 |
||